000 00360nam a2200133Ia 4500
008 240624s9999 xx 000 0 und d
041 _aeng
082 _a381.34 HIL
100 _aHILTON MATTHEW
245 _aPROSPERITY FOR ALL CONSUMER ACTIVISM IN
260 _c2009
_aLondon
_bCornell University Press
300 _axi, : 315 : p. : cm. ; 23
365 _c
_b38
999 _c28357
_d28357